[Event "Challenge"]
[Site "http://www.queenalice.com/game.php?id=1788138"]
[Date "2022.5.2"]
[Round "-"]
[White "jpribeiro"]
[Black "RuCam"]
[Result "0-1"]
[WhiteElo "1984"]
[BlackElo "1858"]

1. e4 e5 2. Nf3 d6 3. Bb5+ Bd7 4. Bxd7+ Nxd7 5. d4 exd4 6. Nxd4 Ne5 7. f4 Ng6 8.
g3 Nf6 9. Nc3 a6 10. f5 Ne5 11. O-O Nc4 12. b3 Ne5 13. Bf4 Be7 14. Bxe5 dxe5 15.
Nf3 Ng4 16. Qxd8+ Rxd8 17. h3 Ne3 18. Rf2 Bc5 19. Na4 Ba7 20. Kh2 Ng4+ 21. hxg4
Bxf2 22. Kg2 Bd4 23. Nxd4 Rxd4 24. Kf3 g6 25. f6 h5 26. g5 h4 27. Rh1 h3 28. c3
Rd3+ 29. Kg4 h2 30. c4 Rd2 31. Nc5 Rg2 32. Nd3 Rg1 33. Nf2 Kd7 34. Kf3 Kc6 35.
b4 Rxh1 36. Nxh1 Rd8 37. a3 Rd3+ 38. Kg2 Rd2+ 39. Kh3 Ra2 40. g4 Rxa3+ 41. Kxh2
Re3 42. Nf2 Rc3 43. Kg2 Rxc4 44. Nd3 Rxe4 45. Kf3 Kd5 0-1

[Event "05"]
[Site "http://www.queenalice.com/game.php?id=1796784"]
[Date "2022.9.24"]
[Round "-"]
[White "Mlintz"]
[Black "RuCam"]
[Result "0-1"]
[WhiteElo "1828"]
[BlackElo "1892"]

1. e4 e5 2. Nf3 Nc6 3. d4 exd4 4. Bc4 h6 5. O-O Bc5 6. c3 dxc3 7. Nxc3 Nf6 8. e5
Nh7 9. Bxf7+ Kxf7 10. Qd5+ Ke8 11. Qxc5 b6 12. Qa3 Bb7 13. Ne2 Qe7 14. Qe3 Rf8
15. Nfd4 Nxe5 16. Ng3 Ng5 17. b3 g6 18. Bb2 d6 19. Rac1 c5 20. Nb5 Ngf3+ 21. Kh1
Nxh2 22. Kxh2 Ng4+ 0-1

[Event "06"]
[Site "http://www.queenalice.com/game.php?id=1796785"]
[Date "2022.9.24"]
[Round "-"]
[White "RuCam"]
[Black "Mlintz"]
[Result "1-0"]
[WhiteElo "1905"]
[BlackElo "1888"]

1. e4 e5 2. Bc4 Nf6 3. d3 c6 4. Nf3 d5 5. Bb3 dxe4 6. Nxe5 Be6 7. c3 exd3 8.
Nxd3 Bxb3 9. Qxb3 b5 10. Be3 Be7 11. Nd2 a5 12. Ne5 O-O 13. O-O Nd5 14. c4 a4
15. Qc2 Nxe3 16. fxe3 f6 17. Nef3 Qb6 18. Rae1 Bc5 19. Qd3 b4 20. Ne4 Rd8 21.
Qe2 Na6 22. Nh4 Re8 23. Qg4 Bxe3+ 24. Kh1 Rxe4 25. Qxe4 Bd4 26. Nf5 Be5 27. Qg4
Qc7 28. Rxe5 fxe5 29. Nh6+ Kh8 30. Rf7 Qxf7 31. Nxf7+ Kg8 32. Qe6 Kf8 33. Ng5
1-0

[Event "Challenge"]
[Site "http://www.queenalice.com/game.php?id=1802410"]
[Date "2022.12.21"]
[Round "-"]
[White "RuCam"]
[Black "Mlintz"]
[Result "1-0"]
[WhiteElo "1920"]
[BlackElo "2015"]

1. e4 e5 2. f4 d5 3. Ne2 dxe4 4. fxe5 Nc6 5. Nbc3 Nxe5 6. Nf4 Qh4+ 7. g3 Qd8 8.
Nxe4 Nf6 9. Bg2 Be7 10. Ng5 c6 11. b3 h6 12. Ne4 Nxe4 13. Bxe4 O-O 14. d3 Qd4
15. Bd2 Bg4 16. Ne2 Nf3+ 17. Bxf3 Bxf3 18. Nxd4 Bxd1 19. Rxd1 Rfe8 20. O-O Bc5
21. Bc3 Rad8 22. Rf4 g5 23. Re4 Rxe4 24. dxe4 Bb6 25. Kf1 c5 26. Ke2 cxd4 27.
Bb2 f6 28. Kf3 Kf7 29. Kg4 Kg6 30. h4 gxh4 31. gxh4 h5+ 32. Kf4 Bc7+ 33. Kf3 Be5
34. a4 a5 35. Rg1+ Kf7 36. Ke2 d3+ 37. cxd3 Bxb2 38. Rb1 Be5 39. Ke3 Rc8 40. b4
1-0

[Event "Challenge"]
[Site "http://www.queenalice.com/game.php?id=1802411"]
[Date "2022.12.21"]
[Round "-"]
[White "Mlintz"]
[Black "RuCam"]
[Result "1-0"]
[WhiteElo "1995"]
[BlackElo "1940"]

1. e4 e6 2. d3 d6 3. b3 e5 4. Bb2 Nc6 5. c3 Nf6 6. h3 Be7 7. Nf3 Be6 8. Be2 h6
9. Nbd2 Qd7 10. d4 Nh5 11. Nxe5 Nxe5 12. dxe5 Nf4 13. O-O f6 14. exd6 Bxd6 15.
Bf3 g5 16. Bh5+ Ke7 17. Nc4 Nd3 18. Nxd6 Qxd6 19. Qe2 Nf4 20. Qf3 f5 21. Rfd1
Qc6 22. exf5 Bd5 23. Rxd5 Nxd5 24. c4 Nf6 25. Re1+ Kd7 26. Qxc6+ Kxc6 27. Re6+
Kc5 28. Rxf6 Rhd8 29. Ba3+ Kd4 30. Rxh6 Kc3 31. f6 b6 32. f7 c5 33. Re6 Rh8 34.
g4 Rad8 35. Re8 Kc2 36. Bg6+ Kd2 37. Bb2 a6 38. Bxh8 Rd6 39. f8=Q Rxg6 40. Qf3
1-0

[Event "Challenge"]
[Site "http://www.queenalice.com/game.php?id=1806575"]
[Date "2023.2.22"]
[Round "-"]
[White "RuCam"]
[Black "jorm"]
[Result "1-0"]
[WhiteElo "1926"]
[BlackElo "1885"]

1. e4 e5 2. Nf3 d6 3. h3 a6 4. Bc4 h6 5. d3 Nf6 6. Nc3 Nc6 7. a3 Be7 8. O-O Na5
9. Ba2 Be6 10. Nd5 Nxd5 11. exd5 Bxh3 12. gxh3 b6 13. b4 Nb7 14. c4 Qd7 15. Kh2
g5 16. Rg1 f5 17. Bd2 O-O-O 18. a4 Rdg8 19. a5 g4 20. Ne1 gxh3 21. Nf3 f4 22.
axb6 cxb6 23. c5 bxc5 24. bxc5 Nxc5 25. Bb4 Nb7 26. Rc1+ Kd8 27. d4 e4 28. Nd2
Qf5 29. Bb1 Rg2+ 30. Kh1 Rhg8 31. Nf3 Qg6 32. Qe1 Qh5 33. Qc3 Ke8 34. Bxe4 h2
35. Qc8+ Nd8 36. Rxg2 Rxg2 37. Kxg2 1-0

[Event "Challenge"]
[Site "http://www.queenalice.com/game.php?id=1811863"]
[Date "2023.5.13"]
[Round "-"]
[White "Mlintz"]
[Black "RuCam"]
[Result "0-1"]
[WhiteElo "1880"]
[BlackElo "1940"]

1. e4 e5 2. Nf3 Nc6 3. Bb5 a6 4. Ba4 b5 5. Bb3 Nd4 6. Nxd4 exd4 7. d3 Nf6 8. a3
c6 9. c3 Bc5 10. O-O dxc3 11. bxc3 O-O 12. Bb2 Be7 13. Re1 d6 14. Nd2 h6 15. h3
Nh7 16. d4 Ng5 17. Nf3 c5 18. dxc5 dxc5 19. c4 Qxd1 20. Raxd1 Nxf3+ 21. gxf3
Bxh3 22. cxb5 axb5 23. f4 c4 24. Bc2 Bxa3 25. Ba1 b4 26. e5 b3 0-1

[Event "Challenge"]
[Site "http://www.queenalice.com/game.php?id=1811864"]
[Date "2023.5.13"]
[Round "-"]
[White "RuCam"]
[Black "Mlintz"]
[Result "0-1"]
[WhiteElo "1971"]
[BlackElo "1831"]

1. e4 c5 2. Bc4 Nc6 3. Nf3 e6 4. c3 Nf6 5. d3 h6 6. Qb3 Na5 7. Qa4 Nxc4 8. Qxc4
Be7 9. Be3 b6 10. Nbd2 a6 11. d4 b5 12. Qe2 d6 13. O-O Bb7 14. e5 dxe5 15. dxc5
e4 16. Ne5 Qc7 17. f4 O-O 18. Qf2 Nd7 19. Qg3 Kh7 20. Rf2 Bf6 21. Nxd7 Qxd7 22.
Raf1 Qe7 23. Qh3 Rfd8 24. f5 e5 25. c4 b4 26. b3 Bg5 27. Bxg5 Qxg5 28. Nb1 Rac8
29. a3 bxa3 30. b4 Rd3 31. g3 Rcd8 32. Ra2 Rd1 33. Nc3 Qe3+ 34. Kh1 Qf3+ 35. Kg1
Rxf1+ 36. Qxf1 Qxc3 37. g4 Rd2 38. Rxd2 Qxd2 0-1

[Event "AUTO-OPEN-4458"]
[Site "http://www.queenalice.com/game.php?id=1815840"]
[Date "2023.7.7"]
[Round "1"]
[White "Alexandrovinsk"]
[Black "RuCam"]
[Result "0-1"]
[WhiteElo "2281"]
[BlackElo "1941"]

1. e4 e5 2. Nf3 d6 3. Bc4 h6 4. d4 exd4 5. Nxd4 Nf6 6. Nc3 Be7 7. Bf4 Bd7 8. O-O
Nc6 9. Re1 O-O 10. Nxc6 Bxc6 11. Qd2 g5 12. Bxg5 hxg5 13. Qxg5+ Kh8 0-1

[Event "AUTO-OPEN-4458"]
[Site "http://www.queenalice.com/game.php?id=1815841"]
[Date "2023.7.7"]
[Round "1"]
[White "RuCam"]
[Black "Alexandrovinsk"]
[Result "0-1"]
[WhiteElo "1949"]
[BlackElo "2205"]

1. e4 c6 2. Nf3 d5 3. e5 Bg4 4. d4 e6 5. Nc3 c5 6. Be2 Nc6 7. Bg5 f6 8. exf6
Nxf6 9. O-O cxd4 10. Nxd4 Bxe2 11. Ndxe2 Be7 12. Nf4 Qd7 13. Re1 Nd8 14. Re5 Bd6
15. Rxe6+ Nxe6 16. Bxf6 gxf6 17. Ncxd5 O-O-O 18. Nxf6 Qe7 19. N4d5 Qf8 20. Qg4
Qf7 21. Re1 Rde8 22. Nxe8 Rxe8 23. Qc4+ Kb8 24. Ne3 Qf4 25. Qxf4 Nxf4 26. Kf1
Bc5 27. g3 Bxe3 28. gxf4 Rf8 29. fxe3 Kc7 30. Rd1 h5 31. h4 Kc6 32. Rd4 Rg8 33.
Kf2 Rg4 0-1

[Event "AUTO-OPEN-4458"]
[Site "http://www.queenalice.com/game.php?id=1815862"]
[Date "2023.7.7"]
[Round "1"]
[White "diedoofen"]
[Black "RuCam"]
[Result "1-0"]
[WhiteElo "2446"]
[BlackElo "1945"]

1. e4 e5 2. Nf3 d6 3. Bc4 h6 4. d4 exd4 5. Nxd4 Nf6 6. Qe2 Be7 7. Nc3 c6 8. Bf4
O-O 9. O-O-O Bg4 10. f3 Bd7 11. g4 Nh7 12. h4 Bxh4 13. Bxd6 Re8 14. Nf5 Bxf5 15.
gxf5 1-0

[Event "AUTO-OPEN-4458"]
[Site "http://www.queenalice.com/game.php?id=1815863"]
[Date "2023.7.7"]
[Round "1"]
[White "RuCam"]
[Black "diedoofen"]
[Result "0-1"]
[WhiteElo "1943"]
[BlackElo "2447"]

1. e4 e5 2. Nf3 Nf6 3. Bc4 Nxe4 4. Nxe5 d5 5. Bb3 Qg5 6. Qf3 Qxe5 7. O-O Bd6 8.
g3 O-O 9. d3 Nf6 10. c3 c6 11. Be3 Bg4 12. Qg2 Qe7 13. f3 Qxe3+ 14. Kh1 Bf5 0-1

[Event "AUTO-OPEN-4458"]
[Site "http://www.queenalice.com/game.php?id=1815874"]
[Date "2023.7.7"]
[Round "1"]
[White "josebaron"]
[Black "RuCam"]
[Result "1-0"]
[WhiteElo "2238"]
[BlackElo "1954"]

1. e4 e5 2. Nf3 Nc6 3. Nc3 Nd4 4. Nxe5 d6 5. Nf3 Bg4 6. Be2 Nf6 7. d3 h6 8. Nxd4
Bd7 9. Nf3 Be7 10. O-O O-O 11. h3 Nh7 12. d4 Ng5 13. Nxg5 Bxg5 14. a4 a5 15. e5
1-0

[Event "AUTO-OPEN-4458"]
[Site "http://www.queenalice.com/game.php?id=1815875"]
[Date "2023.7.7"]
[Round "1"]
[White "RuCam"]
[Black "josebaron"]
[Result "0-1"]
[WhiteElo "1949"]
[BlackElo "2241"]

1. e4 e5 2. Nf3 Nc6 3. Bc4 Bc5 4. d3 h6 5. a3 a5 6. b3 Nf6 7. Nc3 O-O 8. h3 Re8
9. O-O d6 10. Be3 Bxe3 11. fxe3 Be6 12. Nd5 Bxd5 13. exd5 Ne7 14. Bb5 Nexd5 0-1

[Event "Challenge"]
[Site "http://www.queenalice.com/game.php?id=1821954"]
[Date "2023.9.29"]
[Round "-"]
[White "Mlintz"]
[Black "RuCam"]
[Result "1-0"]
[WhiteElo "1791"]
[BlackElo "1937"]

1. e4 e5 2. Nf3 d6 3. Bc4 h6 4. Nc3 Nf6 5. h3 b6 6. d4 exd4 7. Nxd4 Bb7 8. Qe2
Nbd7 9. O-O Nc5 10. f3 Be7 11. Re1 O-O 12. b4 Ne6 13. Bxe6 Bc8 14. Bxc8 Rxc8 15.
Nb3 Nh5 16. Qd1 Bh4 17. Be3 Qf6 18. Qd2 Bxe1 19. Qxe1 Nf4 20. Bxf4 Qxf4 21. Nd5
Qe5 22. f4 Qh5 23. Ne7+ Kh7 24. Nxc8 Rxc8 25. f5 Re8 26. c4 f6 27. Nd4 Qf7 28.
Ne6 c5 29. bxc5 bxc5 30. a4 Rb8 31. Rb1 Re8 32. Qa5 Re7 33. Rb8 g6 34. Qd8 gxf5
35. exf5 Re8 36. Qxe8 Qxe8 37. Rxe8 1-0

[Event "Challenge"]
[Site "http://www.queenalice.com/game.php?id=1821955"]
[Date "2023.9.29"]
[Round "-"]
[White "RuCam"]
[Black "Mlintz"]
[Result "1/2-1/2"]
[WhiteElo "1943"]
[BlackElo "1785"]

1. e4 c5 2. Bc4 e6 3. a3 a5 4. Nc3 Nc6 5. f4 Nd4 6. Nf3 Nxf3+ 7. Qxf3 d6 8. d3
g6 9. O-O Bg7 10. Bd2 Ne7 11. Qg3 Bd7 12. Ne2 b6 13. f5 exf5 14. exf5 Bxf5 15.
c3 O-O 16. Bg5 Qd7 17. Qh4 Rfe8 18. Nf4 d5 19. Bxe7 dxc4 20. Rfe1 cxd3 21. Rad1
h6 22. Re3 g5 23. Qe1 c4 24. Nh5 Bh8 25. Bf6 Rxe3 26. Qxe3 Bg4 27. Bxh8 Bxh5 28.
Qe5 f6 29. Qxf6 Bxd1 30. Qxh6 Qh7 31. Qxg5+ Kxh8 32. Qf6+ Qg7 33. Qh4+ Kg8 34.
Qxc4+ Kh8 35. Qh4+ Kg8 36. Qc4+ Kh8 1/2-1/2

[Event "Challenge"]
[Site "http://www.queenalice.com/game.php?id=1832897"]
[Date "2024.3.6"]
[Round "-"]
[White "Mlintz"]
[Black "RuCam"]
[Result "1-0"]
[WhiteElo "1886"]
[BlackElo "1915"]

1. e4 e5 2. Nf3 d6 3. c3 Nf6 4. h3 Be7 5. Be2 Nc6 6. Qc2 Be6 7. d3 O-O 8. d4
exd4 9. Nxd4 h6 10. Be3 Qd7 11. Nd2 Nh7 12. N2f3 f6 13. Nxe6 Qxe6 14. Nd4 Nxd4
15. cxd4 Qd7 16. Bd3 Ng5 17. O-O-O b6 18. f4 Nf7 19. g4 g5 20. Bc4 c5 21. d5 b5
22. Be2 c4 23. h4 a5 24. hxg5 fxg5 25. fxg5 Nxg5 26. Rxh6 Nf7 27. Re6 Ng5 28.
Rh1 Nxe6 29. dxe6 Qxe6 30. e5 Kf7 31. g5 Qxe5 32. Qd2 Rh8 33. Bh5+ Ke6 34. Bg4+
Kf7 35. Qf2+ Kg8 36. Rh6 Bxg5 37. Rg6+ Qg7 38. Rxg7+ Kxg7 39. Bxg5 Rh1+ 40. Bd1
Rf8 41. Qd4+ Kg6 42. Qe4+ Kxg5 43. Qxh1 Kf6 44. Kd2 Ke6 45. Bg4+ Ke7 46. Qe4+
Kd8 47. Qb7 Rf7 48. Qxf7 1-0

[Event "Challenge"]
[Site "http://www.queenalice.com/game.php?id=1833941"]
[Date "2024.3.22"]
[Round "-"]
[White "RuCam"]
[Black "Mlintz"]
[Result "1-0"]
[WhiteElo "1898"]
[BlackElo "1811"]

1. e4 e5 2. f4 exf4 3. Nf3 d6 4. Bc4 Bg4 5. O-O Nf6 6. d3 Be7 7. Bxf4 O-O 8. h3
Be6 9. Nbd2 Nc6 10. c3 a6 11. a3 Bxc4 12. dxc4 Re8 13. Qe1 Nh5 14. Bh2 Bf8 15.
g4 Nf6 16. Qh4 Nxe4 17. Qxd8 Raxd8 18. Rad1 Nxd2 19. Rxd2 f6 20. Rdf2 Ne5 21.
Nd4 Nxc4 22. b3 Ne5 23. Nf5 d5 24. Re2 Bxa3 25. b4 a5 26. b5 Nf3+ 27. Rxf3 Rxe2
28. Bxc7 Rde8 29. Bxa5 Ra2 30. Bb6 Ree2 31. Ng3 Bd6 32. Nxe2 Rxe2 33. Rd3 Be5
34. Ba5 Ra2 35. Bb6 Ra3 36. Rxd5 Rxc3 37. Rd8+ Kf7 38. Rd7+ Kg6 39. Kg2 Rb3 40.
Rd5 Rg3+ 41. Kf2 Rxh3 42. Be3 Rg3 43. Rxe5 Rxg4 44. Re7 h5 45. Rxb7 h4 46. Kf3
Rg3+ 47. Kf2 Kf5 48. b6 Ke4 49. Re7+ Kd5 50. b7 1-0

[Event "Challenge"]
[Site "http://www.queenalice.com/game.php?id=1847542"]
[Date "2024.11.20"]
[Round "-"]
[White "Mlintz"]
[Black "RuCam"]
[Result "1/2-1/2"]
[WhiteElo "1825"]
[BlackElo "1881"]

1. e4 e5 2. Nf3 Nc6 3. Bb5 Nd4 4. Nxd4 exd4 5. O-O Nf6 6. d3 c6 7. Ba4 d6 8. c3
b5 9. Bc2 Be7 10. h3 Be6 11. cxd4 Qd7 12. a3 h6 13. Nc3 g5 14. f3 O-O-O 15. Bb3
Rdg8 16. Kf2 Nh5 17. Bxe6 fxe6 18. Kg1 Nf4 19. Ne2 e5 20. dxe5 dxe5 21. d4 Rd8
22. Be3 Bf6 23. d5 cxd5 24. exd5 Qb7 25. Qc2+ Kb8 26. Bxf4 gxf4 27. Qc6 Be7 28.
b4 Qxc6 29. dxc6 Rc8 30. Rac1 Kc7 31. Rc2 Kb6 32. Rfc1 Rc7 33. Nc3 Rd8 34. Kf1
Rd6 35. Ne4 Rd3 36. Rc3 Rxc3 37. Rxc3 Rxc6 38. Rxc6+ Kxc6 39. Ke2 a5 40. bxa5
Bxa3 41. Nd2 Kb7 42. Kd3 Ka6 43. Nb3 Kb7 44. Ke4 Bd6 45. Kd5 Kc7 46. a6 Be7 47.
Kxe5 Bd6+ 48. Kd5 b4 49. a7 Kb7 50. a8=Q+ Kxa8 51. Kxd6 Kb7 52. Kc5 Kc7 53. Kxb4
Kd6 54. Kc4 Ke5 55. Nd4 h5 56. h4 Kf6 57. Kd5 Kg6 58. Ke5 Kh6 59. Kxf4 Kg6 60.
g4 hxg4 61. fxg4 Kh6 62. Kf5 Kg7 63. g5 Kf7 64. h5 Kg7 65. Ne6+ Kh7 66. Kf6 Kh8
67. g6 1/2-1/2

[Event "Challenge"]
[Site "http://www.queenalice.com/game.php?id=1847543"]
[Date "2024.11.20"]
[Round "-"]
[White "RuCam"]
[Black "Mlintz"]
[Result "0-1"]
[WhiteElo "1911"]
[BlackElo "1890"]

1. e4 e5 2. Bc4 Qe7 3. Nf3 g6 4. Nc3 c6 5. d3 Bg7 6. a3 a5 7. Ba2 Nf6 8. Bg5 O-O
9. O-O d6 10. h3 Be6 11. b3 Qc7 12. Ne2 c5 13. Nc3 Qd7 14. Ne2 Bxh3 15. gxh3 Nc6
16. c3 Qxh3 17. Nh2 h6 18. Be3 h5 19. f3 h4 20. Kh1 Nh5 21. Rg1 Ng3+ 22. Nxg3
hxg3 23. Rg2 gxh2 24. Rxh2 Qd7 25. Qg1 Ne7 26. Qg3 Rfe8 27. Qh4 Kf8 28. Bh6 Ng8
29. Bxg7+ Kxg7 30. Qh8+ Kf8 31. Rh7 Ke7 32. b4 Rf8 33. Rf1 Nf6 34. Rxf7+ Rxf7
35. Qxa8 Rh7+ 36. Kg1 Qh3 37. Qxb7+ Nd7 38. Kf2 Qh2+ 39. Ke3 Qf4+ 40. Ke2 Rh2+
41. Rf2 Rxf2+ 42. Kxf2 Qd2+ 43. Kg3 Qxa2 44. b5 Qxa3 45. Qa7 Qxc3 46. b6 Qb4 47.
b7 a4 48. f4 a3 49. Qa8 Qb3 50. Qa7 a2 51. b8=Q Qxb8 52. Qxa2 exf4+ 53. Kxf4
Qf8+ 54. Ke3 Qf6 55. Qh2 Ne5 56. Qh7+ Nf7 57. Qh1 g5 58. Qb1 Nd8 59. Qa2 Qf4+
60. Ke2 Qh2+ 0-1

[Event "Challenge"]
[Site "http://www.queenalice.com/game.php?id=1853715"]
[Date "2025.3.12"]
[Round "-"]
[White "jogo"]
[Black "RuCam"]
[Result "1-0"]
[WhiteElo "1965"]
[BlackElo "1894"]

1. e4 e5 2. d4 exd4 3. Qxd4 Nc6 4. Qe3 d6 5. c4 Nf6 6. h3 Be6 7. a3 Be7 8. Nc3
Ne5 9. b3 c6 10. f4 Qb6 11. Qxb6 axb6 12. fxe5 dxe5 13. Nf3 O-O 14. Bd2 Bxa3 15.
Nxe5 Bd6 16. Nd3 Rxa1+ 17. Kf2 Nh5 18. e5 Bc7 19. g4 f6 20. gxh5 fxe5+ 21. Kg3
Raxf1 22. Rxf1 Rxf1 23. Nf2 e4+ 24. Kg2 Ra1 25. Nfxe4 1-0

[Event "AUTO-OPEN-4609"]
[Site "http://www.queenalice.com/game.php?id=1861531"]
[Date "2025.8.12"]
[Round "1"]
[White "RuCam"]
[Black "MarcosT"]
[Result "0-1"]
[WhiteElo "1873"]
[BlackElo "2145"]

1. e4 e5 2. Bc4 Nf6 3. d3 Bc5 4. f4 exf4 5. Nf3 O-O 6. h3 Nc6 7. Bxf4 Nd4 8. Be3
Nxc2+ 9. Qxc2 Bxe3 10. Nc3 Re8 11. Qe2 Bf4 12. O-O d5 13. Bb3 d4 14. Nd1 c5 15.
Ng5 Bxg5 16. Nf2 Be3 17. Kh2 Re5 18. Ng4 Nxg4+ 19. Kg3 Nh6 20. Rac1 Qg5+ 21. Kh2
Bxc1 22. Qf3 Be6 23. Bd1 Rf8 24. b3 f5 25. exf5 Rexf5 26. Qe2 Rxf1 27. Qxe6+ Kh8
28. Be2 Bf4+ 0-1

[Event "AUTO-OPEN-4609"]
[Site "http://www.queenalice.com/game.php?id=1861532"]
[Date "2025.8.12"]
[Round "1"]
[White "MarcosT"]
[Black "RuCam"]
[Result "1-0"]
[WhiteElo "2121"]
[BlackElo "1879"]

1. d4 d5 2. e3 Nc6 3. c3 e6 4. Bd3 Nf6 5. f4 Bd6 6. Nd2 O-O 7. Ngf3 Ne7 8. O-O
h6 9. Ne5 Bxe5 10. fxe5 Nh7 11. e4 c6 12. exd5 exd5 13. Qc2 g6 14. Nf3 b6 15.
Bxh6 Re8 16. Ng5 Bf5 17. Bxf5 Nxf5 18. Nxh7 Kxh7 19. Bd2 Kg7 20. Rae1 Rh8 21.
Rf4 Qg5 22. Ref1 Qe7 23. Rg4 Nh4 24. Bg5 Qd7 25. Rxh4 Rhg8 26. Bh6+ Kh7 27. Bf8#
1-0

[Event "AUTO-OPEN-4609"]
[Site "http://www.queenalice.com/game.php?id=1861533"]
[Date "2025.8.12"]
[Round "1"]
[White "RuCam"]
[Black "SGF"]
[Result "0-1"]
[WhiteElo "1868"]
[BlackElo "1815"]

1. e4 e5 2. Bc4 Qf6 3. Nf3 d6 4. d3 Bg4 5. Bg5 Qg6 6. Be3 Be7 7. h3 Bxf3 8. Qxf3
a6 9. Nc3 b5 10. Bb3 c6 11. a4 b4 12. Ne2 a5 13. Ng3 h5 14. Nf5 Nd7 15. g3 d5
16. exd5 c5 17. d6 Bxd6 18. Bxf7+ Kxf7 19. Nxd6+ Ke6 20. Qxa8 Kxd6 21. Qa6+ Ke7
22. Qxg6 Kf8 23. Qd6+ Ke8 24. Qe6+ Ne7 25. Bg5 Nf6 26. Bxf6 gxf6 27. Kd2 h4 28.
g4 Rg8 29. Qxf6 Kd7 30. Rhe1 Nc6 31. Qf7+ Kd6 32. Qxg8 Ne7 33. Qd8+ Ke6 34. d4
cxd4 35. Kd3 Nc6 36. Qc8+ Kd6 37. Kc4 Ne7 38. Qc5+ Kd7 39. Rxe5 Nc6 40. Qd5+ Kc7
41. Qc5 Kd7 42. Qd5+ Kc7 43. Qf7+ Kd6 0-1

[Event "AUTO-OPEN-4609"]
[Site "http://www.queenalice.com/game.php?id=1861534"]
[Date "2025.8.12"]
[Round "1"]
[White "SGF"]
[Black "RuCam"]
[Result "1-0"]
[WhiteElo "1833"]
[BlackElo "1850"]

1. e4 e5 2. Qf3 Nf6 3. d3 d6 4. h3 Be7 5. Be2 O-O 6. Qg3 g6 7. h4 Kh8 8. h5 Nc6
9. c3 Rg8 10. hxg6 fxg6 11. Qh4 Rg7 12. Bh6 Rf7 13. Bg5 Be6 14. Bxf6+ Bxf6 15.
Qh6 Qg8 16. Nd2 b5 17. b4 a5 18. a3 axb4 19. cxb4 Nd4 20. Rc1 Rxa3 21. g4 Bg7
22. Qg5 Ra8 23. Kf1 Ra2 24. f3 Qf8 25. Qh4 h6 26. g5 h5 27. f4 Nxe2 28. Kxe2
Bg4+ 29. Ke1 Rxf4 30. Nh3 Bxh3 31. Qxh3 Qa8 32. Rxc7 Ra1+ 33. Ke2 Rxh1 34. Qd7
Rf2+ 35. Kxf2 Qg8 36. Rc8 Bf8 37. Nf3 Qa2+ 38. Kg3 Qg8 39. Qxb5 Kh7 40. Qd7+ Qg7
41. Qd8 Kg8 42. Qxd6 Rb1 43. Nxe5 h4+ 44. Kg2 h3+ 45. Kh2 1-0